| 000 | 00677nam a2200181Ia 4500 | ||
|---|---|---|---|
| 008 | 090124s9999 xx 000 0 und d | ||
| 082 |
_b29799 _a7257 |
||
| 100 | _aघाटे निरंजन. | ||
| 245 | _a युगंधर (विज्ञान दीर्घकथा संग्रह) | ||
| 250 | _a1 | ||
| 260 | _c1998 | ||
| 300 | _a165 | ||
| 600 | _aघाटे निरंजन. | ||
| 630 | _a युगंधर (विज्ञान दीर्घकथा संग्रह) | ||
| 700 | _aघाटे निरंजन. | ||
| 730 | _a युगंधर (विज्ञान दीर्घकथा संग्रह) | ||
| 942 | _cBOOK | ||
| 999 |
_c143281 _d143281 |
||